000 00394 a2200145 4500
005 20250625102500.0
020 _a978--0-0393-97776-9
082 _a808.042 BUL
100 _aBULLOCK, R.
245 _aThe Norton Field Guide to Writing.
250 _a5th Ed.
260 _aNew York.
_bw. w. Norton & Company,
_c2006.
300 _axxix, 514p.: picture
_bGlossary & Index
_c22cm
942 _2ddc
_cBKS
999 _c5005
_d5005